Sudden Death - Balkanländer - Statistiken

Allgemein
  • Dieses Quiz wurde 714 mal gespielt
  • Das Durchschnittsergebnis liegt bei 7 aus 12
Answers on the Grid
Answers color-coded by a green-red scale on the quiz's grid according to % correct below.
Kosovo🇽🇰
Serbien🇷🇸
Albanien🇦🇱
Montenegro🇲🇪
Slowenien🇸🇮
Kroatien🇭🇷
Bosnien-Herzegowina🇧🇦
Nordmazedonien🇲🇰
Griechenland🇬🇷
Türkei🇹🇷
Bulgarien🇧🇬
Rumänien🇷🇴
Italien🇮🇹
Spanien🇪🇸
Moldau🇲🇩
Ukraine🇺🇦
Ungarn🇭🇺
Slowakei🇸🇰
Malta🇲🇹
Zypern🇨🇾
Georgien🇬🇪
Portugal🇵🇹
Österreich🇦🇹
San Marino🇸🇲
 
Antwortstatistiken
Antwort % Korrekt
Kosovo🇽🇰
69%
Albanien🇦🇱
68%
Serbien🇷🇸
68%
Bosnien-Herzegowina🇧🇦
67%
Kroatien🇭🇷
66%
Montenegro🇲🇪
66%
Nordmazedonien🇲🇰
64%
Bulgarien🇧🇬
54%
Rumänien🇷🇴
51%
Slowenien🇸🇮
50%
Griechenland🇬🇷
38%
Türkei🇹🇷
24%
Keine übereinstimmenden Quizze gefunden
Verteilung der Resultate
Anzahl Personen mit jedem Resultat
Perzentil nach korrekt beantworteten Fragen
Ihre Resultats-Entwicklung
Sie haben dieses Quiz noch nicht gespielt